000 00603nam a2200193 a 4500
001 BRCA_3823
005 20190320204434.0
008 061127s2007 u--a######---#000-0#eng-#
020 _a9780916758547
041 _aeng
044 _au
050 4 _aN635
_b.M87 2007
245 1 0 _aA Museum Once Forgotten
_bRebirth of the John and Mable Ringling Museum of Art.
260 _aSarasota, Florida
_bJohn and Mable Ringling Museum of Art
_c2007
300 _a72 p.
_bil. (algunas a color)
_c22 cm.
500 _aIncluye lista de donadores
650 1 4 _aMuseos de arte
_zEstados Unidos
_99956
942 _2lcc
_cB
999 _c3552
_d3552